|
|
|
|
| LEADER |
00973nam a22002654a 4500 |
| 001 |
7363 |
| 003 |
BD-DhAAL |
| 005 |
20151209121336.0 |
| 008 |
151209s2001 mau b 001 0 eng |
| 010 |
|
|
|a 00060795
|
| 020 |
|
|
|a 063121934X (hbk. : alk. paper)
|
| 020 |
|
|
|a 0631219358 (pbk.)
|
| 040 |
|
|
|a DLC
|c DLC
|d DLC
|d BD-DhAAL
|
| 050 |
0 |
0 |
|a BD21
|b .C74 2001
|
| 082 |
0 |
0 |
|a 100
|2 21
|
| 100 |
1 |
|
|a Creel, Richard E.,
|d 1940-
|9 16734
|
| 245 |
1 |
0 |
|a Thinking philosophically :
|b an introduction to critical reflection and rational dialogue /
|c Richard E. Creel.
|
| 260 |
|
|
|a Malden, Mass. :
|b Blackwell,
|c 2001.
|
| 300 |
|
|
|a xv, 342 p. ;
|c 24 cm.
|
| 504 |
|
|
|a Includes bibliographical references and index.
|
| 541 |
|
|
|e 7363
|
| 650 |
|
0 |
|a Philosophy
|v Introductions.
|9 16735
|
| 942 |
|
|
|2 ddc
|c BK
|
| 999 |
|
|
|c 36376
|d 36376
|
| 952 |
|
|
|0 0
|1 0
|2 ddc
|4 0
|6 100_000000000000000_CRE
|7 0
|9 57211
|a SCL
|b SCL
|c GEN
|d 2015-12-09
|g 2198.00
|l 9
|m 14
|o 100 CRE
|p 3020007363
|r 2025-11-12
|s 2025-11-02
|t 1
|w 2015-12-09
|y BK
|